00575pab a2200181 454500008004000000100001900040245009000059260000900149300001300158362001100171650001900182700002000201773003400221908000600255909001000261999001700271952010500288180718b2012 xxu||||| |||| 00| 0 eng d aMishra, Yamini aReview of women's studies: Gender responsive budgeting in India: What has gone wrong? c2012 ap.50-57. a28 Apr aWomens studies aSinha, Navanita aEconomic and Political Weekly aN a95762 c95762d95762 00104070aIIPAbIIPAd2018-07-19hVolume no: 47, Issue no: 17pAR96222r2018-07-19w2018-07-19yAR